Le sanglier nouveau est arrivé (notice n° 1993007)
[ vue normale ]
| 000 -LEADER | |
|---|---|
| fixed length control field | 01279cam a2200133 4500500 |
| 005 - DATE AND TIME OF LATEST TRANSACTION | |
| control field | 20260329044511.0 |
| 041 ## - LANGUAGE CODE | |
| Language code of text/sound track or separate title | fre |
| 042 ## - AUTHENTICATION CODE | |
| Authentication code | dc |
| 100 10 - MAIN ENTRY--PERSONAL NAME | |
| Personal name | Carlier, Pascal |
| Relator term | author |
| 245 00 - TITLE STATEMENT | |
| Title | Le sanglier nouveau est arrivé |
| 260 ## - PUBLICATION, DISTRIBUTION, ETC. | |
| Name of publisher, distributor, etc. | Presses universitaires de Grenoble,<br/> |
| Date of publication, distribution, etc. | 2025.<br/> |
| 520 ## - SUMMARY, ETC. | |
| Summary, etc. | Cochon domestique et sanglier sont deux espèces très proches qui portent à l’origine des valeurs différentes: de paresse et de lubricité pour l’un, de courage et de noblesse pour l’autre. Mais l’image du sanglier s’est brouillée avec sa présence croissante dans les zones urbaines où il se nourrit des restes alimentaires des humains. Il devient un peu moins sanglier et plus cochon – mais ni l’un ni l’autre – et surtout invasif et incontrôlable. Le sanglier pose le défi de la cohabitation et de l’imprévisible. Il échappe à son assignation arbitraire et conteste la naturalisation de la place qui lui est attribuée. Il devient sujet politique.Pour accéder au contenu, il suffit de cliquer sur l’icône de nuage OpenAccess.Vous pourrez choisir de lire en ligne ou de télécharger l’e-book au format PDF ou ePub. |
| 856 41 - ELECTRONIC LOCATION AND ACCESS | |
| Uniform Resource Identifier | <a href="https://stm.cairn.info/le-sanglier-nouveau-est-arrive--9782706158100?lang=fr&redirect-ssocas=7080">https://stm.cairn.info/le-sanglier-nouveau-est-arrive--9782706158100?lang=fr&redirect-ssocas=7080</a> |
Pas d'exemplaire disponible.




Réseaux sociaux